000 00608nam a22001935i 4500
001 164864
003 ES-MaACL
005 20250721062642.0
008 991117m18911892fr |||| | fre d
040 _aM-RAJU
_bspa
_cM-RAJU
_dCCPB | B
100 1 _aSay, Léon.
_9104098
245 1 0 _aNouveau dictionnaire d'Économie politique /
_cLéon Say, Joseph Chailley.
260 _aParis :
_bGuillaumin,
_c1891-1892.
300 _a3 v. ;
_c27 cm.
650 0 7 _aEconomía
_2embne
_912006
700 1 _aChailley-Bert, Joseph.
_9126436
852 _aES-MaACL
_jB-5365-67
_z-- Enc. pasta
999 _c164864
_d164864